Big Nate books - Statistics

General Stats
  • This quiz has been taken 7 times
  • The average score is 17 of 37
Answer Stats
Answer % Correct
#11 Big Nate And Friends
100%
#10 Out Loud
100%
#15 All Work And No Play
67%
#34 Aloha
67%
#35 Beware Of Low-Flying Corn Muffins
67%
#9 From The Top
67%
#28 Goes Bananas
67%
#29 Hug It Out
67%
#36 Release The Hounds
67%
#24 Revenge Of The Cream Puffs
67%
#20 The Crowd Goes Wild
67%
#25 Whats A Little Noogie Between Friends
67%
#26 A Good Old-Fashioned Wedgie
33%
#8 Big Nate Blasts Off
33%
#5 Big Nate Flips Out
33%
#4 Big Nate Goes For Broke
33%
#6 Big Nate In The Zone
33%
#7 Big Nate Lives It Up
33%
#3 Big Nate On A Roll
33%
#2 Big Nate Strikes Again
33%
#31 Blow The Roof Off
33%
#18 Game On
33%
#17 Genius Mode
33%
#19 Great Minds Think Alike
33%
#13 Here Goes Nothing
33%
#16 I Can't Take It
33%
#33 In Your Face
33%
#14 Make The Grade
33%
#37 Nailed It
33%
#30 Payback Time
33%
#21 Say Goodbye To Dork City
33%
#27 Silent But Deadly
33%
#1 The Boy With The Biggest Head In The World
33%
#32 The Gerbil Ate My Homework
33%
#23 Thunka Thunka Thunka
33%
#22 Welcome To My World
33%
#12 What Could Possibly Go Wrong
33%
No matching quizzes found
Score Distribution
Percent of People with Each Score
Percentile by Number Answered
Your Score History
You have not taken this quiz